00457nam a2200145 i 4500001000300000100001700003245007800020260002200098700002200120040000800142041000800150080001400158008004100172856009800213bg1 aDULNEV, G. N 0aTeplovye reżimy elektronnoj apparatury /cG.W. Dulnew, W.W. Tarnowskij. aLeningrad,c1971.1 aTARNOVSKIJ, N. N. cBPK apol a621.396.6 s pl f |000 0 pol  uhttp://koha.tu.koszalin.pl/cgi-bin/koha/opac-detail.pl?biblionumber=14928yKatalog online BPK